Central Library and Information Centre
Sibsagar Girls' College, Sivasagar : Assam

RAMMOHAN , BIDIYA SAGAR MICHELL (Record no. 5041)

MARC details
000 -LEADER
fixed length control field 00338cam a2200145ua 4500
008 - FIXED-LENGTH DATA ELEMENTS--GENERAL INFORMATION
fixed length control field 150422n II |||gr||||Z||||||asm
040 ## - CATALOGING SOURCE
Original cataloging agency MAIN
041 ## - LANGUAGE CODE
-- English
082 ## - DEWEY DECIMAL CLASSIFICATION NUMBER
Classification number 920 DAS
100 ## - MAIN ENTRY--PERSONAL NAME
Personal name DAS, INDOBHUSAN.
245 ## - TITLE STATEMENT
Title RAMMOHAN , BIDIYA SAGAR MICHELL
942 ## - ADDED ENTRY ELEMENTS (KOHA)
Koha item type Books
653 ## - INDEX TERM--UNCONTROLLED
Uncontrolled term Biography, genealogy & insignia
Holdings
Withdrawn status Lost status Damaged status Not for loan Collection code Home library Current library Shelving location Date acquired Full call number Barcode Date last seen Copy number Price effective from Koha item type
        General Reference Central Library and Information Centre Sibsagar Girls College Central Library and Information Centre Sibsagar Girls College Biography 15.05.1975 920 DAS 04781 27.02.2020 1 27.02.2020 Books


Sibsagar Girl's College © 2020. All rights reserved.
Powered by Koha.
Maintained by Abhijit Borpuzari.